Comparative health systems
שמור ב:
| מחבר תאגידי: | |
|---|---|
| פורמט: | לא ידוע |
| יצא לאור: |
Thailand
Health Systems Research Institute (Ministry of Public Health)
1995
|
| גישה מקוונת: | Visit NHRC Library |
| תגים: |
הוספת תג
אין תגיות, היה/י הראשונ/ה לתייג את הרשומה!
|
| LEADER | 00659 a2200193 4500 | ||
|---|---|---|---|
| 003 | 394 | ||
| 005 | 20220906184526.0 | ||
| 952 | |0 0 |1 0 |2 lcc |4 0 |6 WA 00020.00005/THA/01995 |7 0 |9 8 |a NHRC |b NHRC |d 2012-03-02 |l 0 |o WA 20.5/THA/1995 |p 000394 |r 2012-03-02 |w 2012-03-02 |y BK | ||
| 999 | |c 8 |d 8 | ||
| 020 | |a 9747760223 | ||
| 060 | |a WA 20.5 | ||
| 110 | |a Health Systems Research Institute (Ministry of Public Health) |9 3951 | ||
| 245 | |a Comparative health systems | ||
| 260 | |a Thailand |b Health Systems Research Institute (Ministry of Public Health) |c 1995 | ||
| 300 | |a 62p. | ||
| 500 | |a Book | ||
| 546 | |a Eng. | ||
| 856 | |u http://nhrc.gov.np/contact/ |y Visit NHRC Library | ||
| 942 | |2 NLM |c BK | ||